000 00258nam a2200109Ia 4500
008 220204s9999 xx 000 0 und d
082 _a820 VIRG
_bVIR
100 _aVirgil
245 0 _aPoems of virgil
260 _aChicago
_bWilliam Benton
_c1952
942 _cBK
999 _c36140
_d36140